| Tag |
First Indicator |
Second Indicator |
Subfields |
| LEADER |
00000cam a22000004a 4500 |
| 001 |
in00001517521 |
| 005 |
20151021105134.0 |
| 008 |
990709s1999 ne a b 001 0 eng |
| 010 |
|
|
|a 99039001
|
| 015 |
|
|
|a GB99-71147
|
| 020 |
|
|
|a 0444502785
|
| 035 |
|
|
|a (OCoLC)41886067
|
| 035 |
|
|
|9 AJL4489AM
|
| 040 |
|
|
|a DLC
|c DLC
|d C#P
|d UKM
|d UtOrBLW
|
| 042 |
|
|
|a pcc
|
| 049 |
|
|
|a TXAM
|
| 050 |
0 |
0 |
|a SB317.B65
|b B55 1999
|
| 082 |
0 |
0 |
|a 583/.64
|2 21
|
| 245 |
0 |
0 |
|a Biology of Brassica coenospecies /
|c edited by César Gómez-Campo.
|
| 250 |
|
|
|a 1st ed.
|
| 264 |
|
1 |
|a Amsterdam ;
|a New York :
|b Elsevier,
|c 1999.
|
| 300 |
|
|
|a ix, 489 pages :
|b illustrations ;
|c 25 cm.
|
| 336 |
|
|
|a text
|b txt
|2 rdacontent
|
| 337 |
|
|
|a unmediated
|b n
|2 rdamedia
|
| 338 |
|
|
|a volume
|b nc
|2 rdacarrier
|
| 490 |
1 |
|
|a Developments in plant genetics and breeding ;
|v 4
|
| 504 |
|
|
|a Includes bibliographical references and index.
|
| 650 |
|
0 |
|a Brassica.
|
| 650 |
|
4 |
|a Brassica.
|
| 700 |
1 |
|
|a Gómez-Campo, C.
|
| 830 |
|
0 |
|a Developments in plant genetics and breeding ;
|v 4.
|
| 948 |
|
|
|a cataloged
|b h
|c 2000/1/26
|d c
|e bwalker
|f 6:01:04 pm
|
| 999 |
|
|
|a MARS
|
| 999 |
f |
f |
|s c4ca8894-9b16-3a5c-8e34-773b6675d5ae
|i 4ecad00e-2303-3343-8de1-a1b994083b00
|t 0
|
| 952 |
f |
f |
|p ric
|a Texas A&M University
|b Rellis Campus
|c Joint Library Facility
|d Remote Storage
|t 0
|e SB317.B65 B55 1999
|h Library of Congress classification
|i unmediated -- volume
|m A14825756071
|
| 998 |
f |
f |
|a SB317.B65 B55 1999
|t 0
|l Remote Storage
|